000 00473nam a2200121Ia 4500
008 220615s9999||||xx |||||||||||||| ||und||
100 _aJan Skvaril||Konstantinos G. Kyprianidis
245 0 _aDevelopments in Near-Infrared Spectroscopy
546 _aEnglish[eng]
650 _aPhysical Sciences||Engineering and Technology||Chemistry||Analytical Chemistry||Spectrometry
856 _uhttps://www.intechopen.com/books/developments-in-near-infrared-spectroscopy
942 _cEB
999 _c18501
_d18501